ნორმალური ფორმატი
MARC ფორმატი
ჩანაწერი Personal Name
ჩანაწერთა რაოდენობა, რომელიც გამოყენებულია: 1
001 - CONTROL NUMBER
- control field: 7991
003 - CONTROL NUMBER IDENTIFIER
- control field: GE_BSU
005 - DATE AND TIME OF LATEST TRANSACTION
- control field: 20200506180131.0
008 - FIXED-LENGTH DATA ELEMENTS
- fixed length control field: 200506|| aca||aabn | a|a d
040 ## - CATALOGING SOURCE
- Original cataloging agency: GE_BSU
- Transcribing agency: GE_BSU
100 ## - HEADING--PERSONAL NAME
- Personal name: კოზმანაშვილი, შოთა
- Relator term: რედაქტორი
670 ## - SOURCE DATA FOUND
- Source citation: Work cat.: (GE_BSU)44011: ფაფიაშვილი, შოთა . 3829, კრიმინალისტიკა :(ზოგადი ნაწილი):დანაშაულთა გამოძიებისა და გახსნის მეთოდოლოგია,ტექნიკა,ორგანიზაცია და ტაქტიკა:
